000 00400nam a2200157 i 4500
001 94552
003 ES-MaACL
005 20230906181515.0
007 t|
008 050506s1963 sp ||||1| spa d
100 1 _aLosada, Antonio.
_974249
245 1 0 _aMi secreto /
_cpor Antonio Losada.
260 _aMadrid :
_bCid,
_c1963.
300 _a469 p. ;
_c22 cm.
852 _aES-MaACL
_jC-23325
_bR.51915
999 _c94552
_d94552